000 01787nam0 2200397 ib4500
001 BY-MI0005-br129912
005 20251211165604.0
010 ^a978-985-16-9924-3
^dХарвест
010 ^a978-5-17-077805-8
^bАСТ) (в переплете
^d4р.57к.
100 ^a20251211d2014 bc y0rusy5050 ca
101 0 ^arus
102 ^aRU
105 ^aa z 000gy
109 ^ama
200 1 ^aАзбука в стихах и картинках
^e[стихи
^eдля дошкольного и младшего школьного возраста]
^fСамуил Маршак
210 ^aМосква
^cАСТ
^d2014
215 ^a124, [3] с.
^cил.
^d17 см
225 1 ^aЛюбимая книжка
300 ^aИздано при участии ООО "Харвест"
333 ^a0+
345 ^95 000 экз.
608 ^aВЕРШ
^3BY-NLB-ar32088
^2BYGNR
608 ^aСТИХОТВОРЕНИЕ
^3BY-NLB-ar32087
^2BYGNR
608 ^aДЗІЦЯЧАЯ І ЮНАЦКАЯ ЛІТАРАТУРА (мастацкі твор)
^3BY-NLB-ar9020
^2BYGNR
608 ^aДЕТСКАЯ И ЮНОШЕСКАЯ ЛИТЕРАТУРА (художеств. произведение)
^3BY-NLB-ar9019
^2BYGNR
608 ^aЛИТЕРАТУРНАЯ СКАЗКА
^3BY-NLB-ar16440
^2BYGNR
608 ^aЛІТАРАТУРНАЯ КАЗКА
^3BY-NLB-ar16441
^2BYGNR
615 ^aБелорусский национальный документ
^3BY-SEK-ar1826174
686 ^aД
^2rubbk
690 ^a1
^2Base
^9BY-MI0005
^xRSEK
700 1 ^aМаршак
^bС. Я.
^gСамуил Яковлевич
^f1887—1964
^3BY-NLB-ar122307
^4070
801 0 ^aBY
^bBY-MI0005
^c20251211
^gRCR
035 ^a(BY-MI0005)BY-MI0005-br129912
899 0 ^aBY-MI0005
^iМ30
^hД